000 00765naa a2200217 a 4500
001 81887
003 BD-RjUL
005 20230911110249.0
008 230911s1970 p ||||| |||| 00| 0 urd d
035 _a(BD-RjUL)81887
040 _aBD-RjUL
_beng
_cBD-RjUL
041 _aurd
082 _223
_a891.439092
_bLAT 1970
100 _a Lucknowi, Syed Mohsin Ali Mohsin ;; لکھنوی٫ سید محسن علی محسن
_98887
245 1 0 _a تذكره سراپا ساخن ;; Tazkira sarapasukhan /
_cSyed Mohsin Ali Mohsin Lucknowi ;; سید محسن علی محسن لکھنوی
260 _aLahore :
_bAzhar sanj,
_c1970
300 _a139 p. ;
_c23 cm
600 _aلکھنوی٫ سید محسن علی محسن
650 _aBiography
942 _2ddc
_cBK
999 _c81887
_d81887